| 000 | 02305nam a2200313Ia 4500 | ||
|---|---|---|---|
| 999 |
_c36873 _d36873 |
||
| 001 | 2823 | ||
| 003 | GE_BSU | ||
| 005 | 20190610190554.0 | ||
| 008 | 181216s2008||||ge |||||||||||||| ||geo|| | ||
| 020 | _a979941009099 | ||
| 040 | _cGE_BSU | ||
| 041 | _ageo | ||
| 080 | _a81'374(038)21:691.21 + 81'374(038)26:546.3 + 81'374(038)26:661.8 | ||
| 100 |
_aშურაძე, ომარ _92354 |
||
| 245 |
_aარაორგანული მასალათმცოდნეობისა და მეტალურგიის ტერმინთა განმარტებითი ლექსიკონი = Толковый словарь по неорганическому материаловедению и металлургии = Explanatory dictionary on non-organic materials science and metallurgy : _bქართულ-რუსულ-ინგლისური : ძირითადი ტერმინები / _cშემდგ. ომარ შურაძე ; [რედ.: ინგა ჯიბუტი [და სხვ.] ; სსიპ-ფერდინანდ თავაძის მეტალურგიისა და მასალათმცოდნ. ინ-ტი, სსიპ-არნოლდ ჩიქობავას ენათმეცნ. ინ-ტი. |
||
| 264 |
_aთბილისი : _bსაუნჯე, _c 2008. |
||
| 300 |
_a773 გვ. ; _b22 სმ |
||
| 504 | _aბიბლიოგრ.: გვ. 774-775. | ||
| 653 | _aლექსიკონი | ||
| 700 |
_aშურაძე, ომარ _eრედაქტორი _92354 |
||
| 700 |
_aჯიბუტი, ინგა _eრედაქტორი _92355 |
||
| 700 |
_aკოპალეიშვილი, ვასილ _eრედაქტორი _92356 |
||
| 700 |
_aლომსაძე, ზურაბ _eრედაქტორი _92357 |
||
| 700 |
_aმიქაბერიძე, მანანა _eრედაქტორი _92358 |
||
| 700 |
_a წერეთელი, ნუგზარ _eრედაქტორი _92359 |
||
| 710 |
_aმეტალურგიისა და მასალათმცოდნ. ინ-ტი _92360 |
||
| 710 |
_aენათმეცნ. ინ-ტი _92361 |
||
| 942 |
_cBK _2udc |
||